000 00719nam a22002057a 4500
005 20251108173340.0
008 250721s2006 xx 000 0 ara d
082 1 4 _aط/591/غاو
100 1 _aغاوي، هاني
_eمؤلف
245 1 0 _aالنعجة و البطة : قصة علمية تدور حول الفرق بين الثديات و الزواحف و الطيور /
264 1 _aعمان :
_bدار الأصالة للنشر و التوزيع،
_c2006.
300 _a30 ص.
650 1 7 _aعلم الحيوان
650 1 7 _aالزواحف
650 1 7 _aالثديات
650 1 7 _aالطيور
653 _aاطفال مرحلة متوسطة (6-9 سنوات)
942 _2ddc
_cBK
999 _c101818
_d101818